00481nam a22001697a 450000500170000001000150001702000270003203500140005903700130007308200120008610000230009824500450012126000390016627000670020530000200027250000190029220170630162240.0 aENG-118885 a9789384247935c1225.00 aEN-102417 bDBAD/PUB a001.422 aGurao, Rajendra G. aSampling methods /cby Rajendra G. Gurao aKanpurbChandralok Prakashanc2016 a132, 'Shivram Kripa', Mayur Vihar, Basant Vihar, Kanpur-208021 a340pc22cm.(Hb) aIncludes Index